Catálogo público

Un chapinguero más : (Record no. 102964)

MARC details
000 -CABECERA
campo de control de longitud fija 01199nam a22003257a 4500
003 - IDENTIFICADOR DEL NÚMERO DE CONTROL
campo de control CHAP
005 - FECHA Y HORA DE LA ÚLTIMA TRANSACCIÓN
campo de control 20220329143850.0
008 - DATOS DE LONGITUD FIJA--INFORMACIÓN GENERAL
campo de control de longitud fija 120329s2011 mx r 00010 spa d
010 ## - NÚMERO DE CONTROL DE LA BIBLIOTECA DEL CONGRESO
Número de control de LC 102964
011 ## - ENLACE DEL NUMERO DE CONTROL DE LA BIBLIOTECA DEL CONGRESO [OBSOLETO]
Número de control de LC 103936
020 ## - NÚMERO INTERNACIONAL ESTÁNDAR DEL LIBRO
Número Internacional Estándar del Libro 9786077852162
035 ## - NÚMERO DE CONTROL DEL SISTEMA
Número de control de sistema 114625
040 ## - FUENTE DE LA CATALOGACIÓN
Centro/agencia transcriptor CHAP
082 04 - NÚMERO DE LA CLASIFICACIÓN DECIMAL DEWEY
Número de clasificación 863
Número de documento/Ítem Sa33
100 00 - ENTRADA PRINCIPAL--NOMBRE DE PERSONA
Nombre de persona Salinas Bernal, Fernando.
9 (RLIN) 101637
245 1# - MENCIÓN DE TÍTULO
Título Un chapinguero más :
Resto del título vivencias y remembranzas en Chapingo
Mención de responsabilidad, etc. / compilado por Fernando Salinas Bernal
260 ## - PUBLICACIÓN, DISTRIBUCIÓN, ETC.
Lugar de publicación, distribución, etc. Morelia, Mich. :
Nombre del editor, distribuidor, etc. Papiro omega,
Fecha de publicación, distribución, etc. 2011
300 ## - DESCRIPCIÓN FÍSICA
Extensión 138 p. :
Otras características físicas fot.
590 ## - NOTA LOCAL (RLIN)
Nota local BATCH-UPD
Procedencia (VM) [OBSOLETO] 10
Condición del los carretes individuales (VM) [OBSOLETO] 20130110
-- UCH01
-- 1614
590 ## - NOTA LOCAL (RLIN)
Nota local CONVERSION
Procedencia (VM) [OBSOLETO] 10
Condición del los carretes individuales (VM) [OBSOLETO] 20130109
-- UCH01
-- 1357
650 04 - PUNTO DE ACCESO ADICIONAL DE MATERIA--TÉRMINO DE MATERIA
Término de materia o nombre geográfico como elemento de entrada Literatura mexicana.
9 (RLIN) 67138
650 04 - PUNTO DE ACCESO ADICIONAL DE MATERIA--TÉRMINO DE MATERIA
Término de materia o nombre geográfico como elemento de entrada UACH
Subdivisión general Estudiantes.
9 (RLIN) 115802
901 ## - ELEMENTOS DE DATOS A LOCAL LDA (RLIN)
a BK
942 ## - ELEMENTOS DE PUNTO DE ACCESO ADICIONAL (KOHA)
Tipo de ítem Koha Libro
949 ## - PROCESAMIENTO DE INFORMACIÓN LOCAL (OCLC)
a 863 Sa33
b BC
c LIBRO
d 33724002326231
e LIBRO
h 116561
i 114625
s b
949 ## - PROCESAMIENTO DE INFORMACIÓN LOCAL (OCLC)
a 863 Sa33
b BC
c LIBRO
d 33724002326272
e LIBRO
f c.2
h 116562
i 114625
s b
949 ## - PROCESAMIENTO DE INFORMACIÓN LOCAL (OCLC)
a 863 Sa33
b BC
c LIBRO
d 33724002326314
e LIBRO
f c.3
h 116563
i 114625
s b
949 ## - PROCESAMIENTO DE INFORMACIÓN LOCAL (OCLC)
a 863 Sa33
b BC
c LIBRO
d 33724002326355
e LIBRO
f c.4
h 116564
i 114625
s b
949 ## - PROCESAMIENTO DE INFORMACIÓN LOCAL (OCLC)
a 863 Sa33
b BC
c LIBRO
d 33724002326397
e LIBRO
f c.5
h 116565
i 114625
s b
Holdings
Estado de retiro Estado de pérdida Fuente del sistema de clasificación o colocación Estado dañado Restricciones de uso No para préstamo Código de colección Localización permanente Ubicación/localización actual Ubicación en estantería Fecha de adquisición Información codificada de la localización en otra ubicación Total de préstamos Signatura topográfica completa Código de barras Fecha visto por última vez Precio válido a partir de Tipo de ítem Koha Número de copia
    Dewey Decimal Classification   Préstamo 15 días   General Biblioteca Central Biblioteca Central Planta principal - Colección General 31/12/2019 LIBRO   863 Sa33 33724002326231 31/12/2019 31/12/2019 Libro  
    Dewey Decimal Classification   Préstamo 15 días   General Biblioteca Central Biblioteca Central Planta principal - Colección General 31/12/2019 LIBRO   863 Sa33 33724002326272 31/12/2019 31/12/2019 Libro c.2
    Dewey Decimal Classification   Préstamo 15 días   General Biblioteca Central Biblioteca Central Planta principal - Colección General 31/12/2019 LIBRO   863 Sa33 33724002326314 31/12/2019 31/12/2019 Libro c.3
    Dewey Decimal Classification   Préstamo 15 días   General Biblioteca Central Biblioteca Central Planta principal - Colección General 31/12/2019 LIBRO   863 Sa33 33724002326355 31/12/2019 31/12/2019 Libro c.4
    Dewey Decimal Classification   Préstamo 15 días   General Biblioteca Central Biblioteca Central Planta principal - Colección General 31/12/2019 LIBRO   863 Sa33 33724002326397 31/12/2019 31/12/2019 Libro c.5